The writer's handbook /

Bibliographic Details
Main Author: McMahan, Elizabeth
Other Authors: Day, Susan
Format: Book
Language:English
Published: New York : McGraw-Hill, [1988]
Edition:2nd ed.
Subjects:

MARC

Tag First Indicator Second Indicator Subfields
LEADER 00000cam a2200000 a 4500
001 in00000760607
005 20151016170601.0
008 870814s1988 nyu 00110 eng
010 |a  87024160  
020 |a 0070454329 (pbk.) 
035 |a (OCoLC)16714046 
035 |9 ADJ8033AM 
040 |a DLC  |c DLC  |d TXA  |d UtOrBLW 
049 |a TXAM  |c [A12667580] 
050 0 0 |a PE1408  |b .M3948 1988 
082 0 |a 808/.042  |2 19 
100 1 |a McMahan, Elizabeth. 
245 1 4 |a The writer's handbook /  |c Elizabeth McMahan, Susan Day. 
250 |a 2nd ed. 
264 1 |a New York :  |b McGraw-Hill,  |c [1988] 
264 4 |c ©1988 
300 |a xvi, 400 pages ;  |c 18 cm. 
336 |a text  |b txt  |2 rdacontent 
337 |a unmediated  |b n  |2 rdamedia 
338 |a volume  |b nc  |2 rdacarrier 
500 |a Includes index. 
650 0 |a English language  |x Rhetoric  |v Handbooks, manuals, etc. 
650 0 |a English language  |x Grammar  |v Handbooks, manuals, etc. 
700 1 |a Day, Susan. 
999 |a MARS 
999 f f |s ccfcf51b-ee85-3b26-bc05-b44317220cdd  |i 3f499260-ab55-3ba6-b0f9-230133158627  |t 0 
952 f f |p normal  |a Texas A&M University  |b College Station  |c Sterling C. Evans Library  |d Evans: Library Stacks  |t 0  |e PE1408 .M3948 1988  |h Library of Congress classification  |i unmediated -- volume  |m A14812667580 
998 f f |a PE1408 .M3948 1988  |t 0  |l Evans: Library Stacks